[Event "IECC M email"]
[Site "IECC email"]
[Date "2000.03.19"]
[Round "?"]
[White "Foster, Mark"]
[Black "Bass, Stanley"]
[Result "0-1"]
[WhiteElo "1786"]
[BlackElo "1897"]
[PlyCount "42"]
[EventDate "2000.??.??"]
[EventType "tourn (corr)"]
[EventRounds "2"]
[SourceTitle "Corr 2008"]
[Source "ChessBase"]
[SourceDate "2008.06.24"]
[SourceVersion "1"]
[SourceVersionDate "2008.06.24"]
[SourceQuality "1"]

1. e4 c5 2. Nf3 Nc6 3. d4 cxd4 4. Nxd4 e5 5. Nb5 a6 6. N5a3 Nf6 7. Bg5 b5 8. Nd2 h6 9. Bh4 Bxa3 10. bxa3 d5 11. Bxf6 gxf6 12. Qh5 dxe4 13. Nxe4 Qd4 14. Nxf6+ Ke7 15. Rd1 Qc3+ 16. Rd2 Kxf6 17. Bd3 Kg7 18. Ke2 Nd4+ 19. Ke3 f5 20. Rhd1 f4+ 21. Ke4 Bf5+ 0-1

[Event "IECC M email"]
[Site "IECC email"]
[Date "1998.05.09"]
[Round "?"]
[White "Foster, Mark"]
[Black "Mueller, Robert"]
[Result "0-1"]
[WhiteElo "1787"]
[BlackElo "1869"]
[PlyCount "80"]
[EventDate "1998.??.??"]
[EventType "tourn (corr)"]
[EventRounds "12"]
[SourceTitle "Corr 2008"]
[Source "ChessBase"]
[SourceDate "2008.06.24"]
[SourceVersion "1"]
[SourceVersionDate "2008.06.24"]
[SourceQuality "1"]

1. e4 c5 2. Nf3 Nc6 3. d4 cxd4 4. Nxd4 Nf6 5. Nc3 e5 6. Nb3 Bb4 7. Bg5 h6 8. Bxf6 Bxc3+ 9. bxc3 Qxf6 10. Bc4 Qg6 11. Qd5 Ne7 12. Qxe5 Qxg2 13. 0-0-0 Qg5+ 14. Qxg5 hxg5 15. Nd4 a6 16. Nf5 Nxf5 17. exf5 Kf8 18. Be2 b5 19. Rd3 Bb7 20. Bf3 Bxf3 21. Rxf3 Re8 22. f6 gxf6 23. Rxf6 Re6 24. Rf3 Ke7 25. Rg1 f6 26. h3 Rh4 27. Rg4 Rxg4 28. hxg4 Re4 29. Re3 Rxe3 30. fxe3 Ke6 31. Kd2 f5 32. Ke2 fxg4 33. Kf2 Kd5 34. Kg3 Ke4 35. Kxg4 Kxe3 36. Kxg5 Kd2 37. Kf4 Kxc2 38. Ke4 Kb2 39. Kd4 Kxa2 40. Kc5 Kb3 0-1